000 00776nam a22002297a 4500
005 20170124110016.0
010 _aA-991803
020 _c00.00
_a817022778
035 _aA-991803
037 _bCen Lib/Ret
040 _aDPL
_bEN
082 _a302.2
_bROD
100 _aRodriques, M.V.
_918676
245 _aPerspectives of communication and communicative competence /
_cby M.V. Rodriques
260 _bConcept Publishing Company
_c2000
_aNew Delhi
270 _bNew Delhi
_aA/15-16, commercial block, mohan garden
_e110059
300 _ax, 390p. :
_c21cm(Hb)
500 _aIncludes bibliographical references and index
650 _aHuman interaction
_918677
650 _aFundamentals of communication
_918678
942 _2ddc
_cEN
_h302.2
_mROD
999 _c126859
_d126859